| 000 | 00979nas a2200277 4500 | ||
|---|---|---|---|
| 001 | BR8300495 | ||
| 003 | BR-BrBNA | ||
| 005 | 20231205085421.0 | ||
| 007 | ta | ||
| 008 | 230509b bl.|||p| |||| 00| 00por d | ||
| 040 |
_aBR-BrBNA _bpor _cBiblioteca Nacional de Agricultura |
||
| 041 | _a(Pt) | ||
| 072 | _aH10 | ||
| 100 | 1 | _aBortoli, S.A. de | |
| 100 | 1 | _aParra, J.R.P. | |
| 100 | 1 | _aLara, F.M. | |
| 245 | 1 | _aParasitismo de Hedylepta indicata (Fabricius, 1775)(Lepidoptera, Pyralidae), na regiao de Jaboticabal, Sao Paulo [Brasil] | |
| 246 | 1 | _aParasitism of Hedylepta indicata (Fabricius, 1775)(Lepidoptera, Pyralidae), in Jaboticabal, Sao Paulo [Brazil] | |
| 650 | _aLEPIDOPTERO | ||
| 650 | _aCONTROLE BIOLOGICO | ||
| 650 | _aPARASITO DE PLANTA | ||
| 650 | _aSAO PAULO | ||
| 773 | 0 |
_tAnais da Sociedade Entomologica do Brasil (Brazil) _xISSN 0301-8059 _g(1982), v. 11(1) p. 167-168 _wBR8300495 |
|
| 909 |
_a202311 _bLúcia _c55 _dLúcia Elande |
||
| 942 |
_2AGRIS _n0 _cANA |
||
| 999 |
_c111317 _d111317 |
||